| 000 | 004840000a22001570004500 | ||
|---|---|---|---|
| 060 | _a100 | ||
| 082 | _a361.8 AMI | ||
| 100 | _aAmit, Bhaduri | ||
| 100 | _aM D Anisur, Rahman | ||
| 245 | _aStudies in rural participation: a study prepared for the I L O within the frame work of world employment programme | ||
| 260 | _aNew Delhi, Oxford & IBH publishing co. pvt. ltd | ||
| 260 | _c1982 | ||
| 300 | _a229 | ||
| 650 | _aAgricultural cooperatives/ Rural employment | ||
| 942 | _cBK | ||
| 999 |
_c350846 _d350846 |
||